Les personnages d'Avengers (2012) - #6 - Statistiques

Statistiques générales
  • Ce quiz a été pris 134 fois
  • Le résultat moyen est 8 sur 15
Statistiques - réponses
Réponse % Correct
Tony Stark / Iron Man
99%
Bruce Banner / Hulk
98%
Steve Rogers / Captain America
96%
Thor
95%
Natasha Romanoff / Black Widow
85%
Loki
79%
Clint Barton / Hawkeye
74%
Nick Fury
66%
Thanos
41%
Maria Hill
29%
Pepper Potts
25%
Phil Coulson
22%
JARVIS
17%
Erik Selvig
11%
Jasper Sitwell
5%
Aucun quiz correspondant
Distribution des résultats
% des personnes avec chaque résultat
Percentile par nombre de réponses
Votre historique - résultats
Vous n’avez pas pris ce quiz